INDIAN PRESS SINCE 1955 (Record no. 28761)
[ view plain ]
| 000 -LEADER | |
|---|---|
| fixed length control field | 00307nam a22001457a 4500 |
| 003 - CONTROL NUMBER IDENTIFIER | |
| control field | SGT |
| 020 ## - INTERNATIONAL STANDARD BOOK NUMBER | |
| International Standard Book Number | 8123005555 |
| 082 ## - DEWEY DECIMAL CLASSIFICATION NUMBER | |
| Classification number | 070 |
| Item number | I97B |
| 100 ## - MAIN ENTRY--PERSONAL NAME | |
| Personal name | BHATT, S.C. |
| 245 ## - TITLE STATEMENT | |
| Title | INDIAN PRESS SINCE 1955 |
| 260 ## - PUBLICATION, DISTRIBUTION, ETC. (IMPRINT) | |
| Name of publisher, distributor, etc | PUBLICATIONS DIVISION |
| Year of Publication | 1997 |
| 300 ## - PAGE DESCRIPTION | |
| No. of Pages | 168 |
| 650 ## - SUBJECT ADDED ENTRY--TOPICAL TERM | |
| Topical term or geographic name as entry element | JOURNALISM |
| 942 ## - ADDED ENTRY ELEMENTS (KOHA) | |
| Source of classification or shelving scheme | Dewey Decimal Classification |
| Koha item type | Books |
| Withdrawn status | Lost status | Source of classification or shelving scheme | Damaged status | Not for loan | Home library | Current library | Shelving location | Date acquired | Cost, normal purchase price | SGTU | Full call number | Accession No. (Barcode) | Date last seen | Bill Date | Koha item type |
|---|---|---|---|---|---|---|---|---|---|---|---|---|---|---|---|
| Dewey Decimal Classification | Not For Loan | SGT Chancellor's Library | SGT Chancellor's Library | Reference Book | 08/01/2025 | 75.00 | SGTU | 070 I97B | CH1599 | 08/01/2025 | 08/01/2025 | Books |